2026 NFL First Round Draft Picks - Statistics

General Stats
  • This quiz has been taken 55 times
  • The average score is 25 of 32
Answer Stats
Pick Player Position Team School % Correct
4 Carnell Tate WR Titans Ohio State
100%
2 David Bailey EDGE Jets Ohio State
100%
5 Arvell Reese LB Giants Ohio State
98%
1 Fernando Mendoza QB Raiders Indiana
98%
3 Jeremiyah Love RB Cardinals Notre Dame
98%
7 Sonny Styles LB Commanders Ohio State
98%
8 Jordyn Tyson WR Saints Arizona State
96%
13 Ty Simpson QB Rams Alabama
96%
11 Caleb Downs S Cowboys Ohio State
94%
16 Kenyon Sadiq TE Jets Oregon
89%
15 Rueben Bain Jr EDGE Buccaneers Miami (FL)
89%
32 Jadarian Price RB Seahawks Notre Dame
87%
20 Makai Lemon WR Eagles USC
87%
6 Mansoor Delane CB Chiefs LSU
87%
9 Spencer Fano OT Browns Utah
87%
12 Kadyn Proctor OT Dolphins Alabama
83%
30 Omar Cooper Jr WR Jets Indiana
83%
24 KC Concepcion WR Browns Texas A&M
81%
10 Francis Mauigoa OT Giants Miami (FL)
74%
27 Chris Johnson CB Dolphins San Diego Stats
72%
14 Olaivavega Ioane OG Ravens Penn State
72%
18 Caleb Banks DT Vikings Florida
68%
29 Peter Woods DT Chiefs Clemson
66%
28 Caleb Lomu OT Patriots Utah
64%
25 Dillon Thieneman S Bears Oregon
64%
31 Keldric Faulk EDGE Titans Auburn
64%
19 Monroe Freeling OT Panthers Georgia
64%
22 Akheem Mesidor EDGE Chargers Miami (FL)
62%
17 Blake Miller OT Lions Clemson
62%
23 Malachi Lawrence EDGE Cowboys UCF
62%
21 Max Iheanachor OT Steelers Arizona State
51%
26 Keylan Rutledge OG Texans Georgia Tech
49%
No matching quizzes found
Score Distribution
Percent of People with Each Score
Percentile by Number Answered
Your Score History
You have not taken this quiz